Statistics for Title in the Lyrics -- Songs That Start With D

Click here to take the quiz!

General Stats

  • This quiz has been taken 619 times
  • The average score is 6 of 15

Answer Stats

Lyrics Title % Correct
You are the _______ _____, young and sweet, only seventeen / _______ _____, feel the beat from the tambourineDancing Queen
82%
_____ ____ _________ / Hold on to that feelin' / Streetlight peopleDon't Stop Believin'
71%
So you wanna play with magic / Boy, you should know what you're falling for / Baby do you dare to do this? / Cause I'm coming at you like a ____ _____Dark Horse
58%
_____ __, _____ __, _____ __ / Dream until your dream come trueDream On
46%
_____ __ ________ __ _____ / I couldn't if I tried / Honey if I get restless / Baby you're not that kindDon't Go Breaking My Heart
44%
So dance, dance, like it's the last, last night of your life, life / Gonna get you right / Cause baby tonight, the __ ___ __ _______ __ ____ againDJ Got Us Falling in Love
41%
_______ __ ___ _________ / Everybody's feeling warm and bright / It's such a fine and natural sight / Everybody was _______ __ ___ _________Dancing in the Moonlight
38%
Now that she's back in the atmosphere / With _____ __ _______ in her hair, hey, hey, heyDrops of Jupiter
38%
All we need is music, sweet music / There'll be music everywhere / There'll be swingin', swayin', and records playin' / _______ __ ___ ______Dancing in the Street
35%
Rock my world until the sunlight / Make this dream the best I've ever known / Dirty dancing in the moonlight / Take me down like I'm a ______Domino
34%
I'll keep you my ____ ______ ______ / ( _____ ______ ______ ) / Don't tell anyone or you'll be just another regretDirty Little Secret
32%
In every life we have some trouble / When you worry you make it double / _____ _____ __ _____Don't Worry Be Happy
26%
Same old song, just a drop of water in an endless sea / All we do crumbles to the ground, though we refuse to see / ____ __ ___ ____, all we are is ____ __ ___ ____Dust in the Wind
23%
The best buzz I'm ever gonna find / Hey, I'm a little _____ __ ___ / And high on summertimeDrunk On You
17%
Just ring 36 24 36 hey / I lead a life of crime / _____ _____ ____ ____ _____ / _____ _____ ____ ____ _____Dirty Deeds Done Dirt Cheap
6%

Score Distribution

Percentile by Number Answered

Percent of People with Each Score

Your Score History

You have not taken this quiz